International School on particles and cosmology

Αποθηκεύτηκε σε:
Λεπτομέρειες βιβλιογραφικής εγγραφής
Κύριος συγγραφέας: Matveev, V. A (Συγγραφέας)
Μορφή: Βιβλίο
Γλώσσα:Αγγλικά
Έκδοση: Singapur World Scientific 1992
Θέματα:
Ετικέτες: Προσθήκη ετικέτας
Δεν υπάρχουν, Καταχωρήστε ετικέτα πρώτοι!

MARC

LEADER 00000nam a2200000 a 4500
001 UCX5765
003 CL-VaPUC
005 20210903074412.0
008 930115e19920000si 1 eng d
020 |a 9810210027 
082 0 4 |a 523.1  |b MAT  |2 21 
100 1 |a Matveev, V. A  |e author  |9 616871 
245 1 0 |a International School on particles and cosmology 
260 |a Singapur  |b World Scientific  |c 1992 
300 |a 306 p 
583 |a last modification  |c 20190821 08:54:14  |k Rodrigo Vera 
650 0 0 |a Cosmología  |9 269138 
650 0 7 |a PARTICULAS FISICA NUCLEAR  |2 CL-VaPUC  |9 316637 
942 |c BK 
945 |d 19930115 00:00:00 
546 |a En Inglés 
536 |a Institute for Nuclear Research 
518 |p International School on Particles and Cosmology, 1, Baksan Valley, may 6-12 1991 
999 |c 382163  |d 382161 
952 |0 0  |1 0  |4 0  |6 523_100000000000000_MAT_1992  |7 0  |8 A  |9 503718  |a BIBCUR  |b BIBCUR  |d 2020-01-23  |i 292725K  |o 523.1 MAT 1992  |p 292725K  |r 2025-04-22  |w 2020-01-23  |y BK  |k FIS